LEADER 00886nam1 2200337 450 001 990000563570203316 035 $a0056357 035 $aUSA010056357 035 $a(ALEPH)000056357USA01 035 $a0056357 100 $a20010713d1970----km-y0itay0103----ba 101 $afre 102 $aFR 105 $a||||||||001yy 200 1 $aAnalyse 210 $aParis$cHermann$d1970 215 $av.$d22 cm 225 2 $aCollection Enseignement des Sciences 410 $12001$aCollection Enseignement des Sciences 676 $a515. 700 1$aSCHWARTZ,$bLaurent$03913 801 0$aIT$bsalbc$gISBD 912 $a990000563570203316 951 $a500 ES$bCBS$c500 ES 959 $aBK 969 $aSCI 979 $aPATTY$b90$c20010713$lUSA01$h1203 979 $c20020403$lUSA01$h1705 979 $aPATRY$b90$c20040406$lUSA01$h1639 996 $aAnalyse$974418 997 $aUNISA LEADER 01072nam a2200301 i 4500 001 991003473449707536 005 20250628163202.0 008 961024s1971 it 001 0 ita d 035 $ab11815735-39ule_inst 035 $aLE00301312$9ExL 040 $aBibl. Dip.le Aggr. DiSTeBA - Sez. Biologia$beng 082 04$a539.2$222 084 $a53.4 084 $a53.4.67 084 $a53.5 084 $a53.9.788 100 1 $aAmaldi, Ugo$01206 245 10$aFisica delle radiazioni :$bad uso di radiologi, radiobiologi e protezionisti /$cUgo Amaldi 264 1$aTorino :$bBoringhieri,$c1971 300 $axiii, 717 p. :$bill. ;$c24 cm 490 0 $aTesti e manuali della scienza contemporanea. Serie di biologia e medicina 650 4$aRadiation 907 $a.b11815735$b27-04-17$c18-12-02 912 $a991003473449707536 945 $aLE003 539 AMA01.01 (1971)$g1$i2003000026412$lle003$o-$pE0.00$q-$rl$s-$t0$u0$v0$w0$x0$y.i12065225$z18-12-02 996 $aFisica delle radiazioni$977243 997 $aUNISALENTO 998 $ale003$b01-01-96$cm$da$e-$fita$git$h0$i1